| 000 | 03454nab a22007577 4500 | ||
|---|---|---|---|
| 003 | AR-RoUNA | ||
| 022 | _a0327-9022 | ||
| 040 |
_aAR-RoUNA _bspa |
||
| 041 | _aspa | ||
| 044 | _aag | ||
| 245 | _aSumma+ | ||
| 260 |
_aBuenos Aires , _c1993 |
||
| 300 |
_a128 p. : _bil. byn. _bplanos _c34 X25 cm. |
||
| 505 | 0 | _tINDICE | |
| 505 | 0 | _tEQUIPAMIENTOS SUBURBANO | |
| 505 | 0 | _tHITO Y PAISAJE | |
| 505 | 0 | _aAtelman - Fourcade - Tapia / Nordelta Golf Club, Tigre, Pcia de Buenos Aires, 2008. p. 2 | |
| 505 | 0 | _tPABELLÓN EN GAMA | |
| 505 | 0 | _aDaniel Szuldman - Mario Zambonini, Javier Esteban - Ligia Gaffuri - Martín Torrado / Complejo deportivo Sector Tenis en Club de Campo Hacoaj, Tigre, Pcia de Buenos Aires, 2007. p. 14 | |
| 505 | 0 | _tVUELO ETÉREO | |
| 505 | 0 | _aHampton - Rivoira + Cristian Carnicer / El lugar de las aves, Temaikén, Escobar, Pcia de Buenos Aires, 2009. p. 20 | |
| 505 | 0 | _tADICION Y SUSTRACCION | |
| 505 | 0 | _aFernando Diez / Adición y sustracción : de la organización a la metáfora. p. 32 | |
| 505 | 0 | _tROCA EN LA PAMPA | |
| 505 | 0 | _aJohnston MarkLee + Diego Arraigada / Casa View, Rosario, Pcia. de Santa Fe, 2009. p. 38 | |
| 505 | 0 | _tADICIÓN Y SUSTRACCIÓN | |
| 505 | 0 | _tNUEVO ATRIO | |
| 505 | 0 | _aKWK Promes / Outrial House (Casa) , Ksiąznice, Polonia, 2007. p. 44 | |
| 505 | 0 | _tFÁBRICA DE CHOCOLATE | |
| 505 | 0 | _aPor Alejandro Hernández: | |
| 505 | 0 | _aRojkind Arquitectos / Nestlé Grupo de Aplicación, Querétaro, México, 2007. p. 50 | |
| 505 | 0 | _tPILA DE ARTE | |
| 505 | 0 | _aKazuyo Sejima + Ryue Nishizawa - Sanaa / New Museum of contemporary Art (Museo de Arte Contemporáneo), Nueva York, Estados Unidos, 2007. p. 58 | |
| 505 | 0 | _tCAJA DE CAJAS | |
| 505 | 0 | _aBlanca Lleó y MVRDV / Edificio Celosía, Madrid, España, 2009. p. 66 | |
| 505 | 0 | _aBlanca Lleó Asociados S.L / 97 Viviendas HJ para Jóvenes, Barcelona, España, 2009. p. 72 | |
| 505 | 0 | _tREPRESENTACIÓN | |
| 505 | 0 | _aHoracio E. Caride Bartrons, colaborador Luis O'Grady./ La función simbólica de la arquitectura. p. 78 | |
| 505 | 0 | _tPREMIO PRITZKER 2009 | |
| 505 | 0 | _aLuis O'Grady: Entrevista a Peter Zumthor. p. 82 | |
| 505 | 0 | _tINTERIORES - CASA FOA | |
| 505 | 0 | _aDébora Cerchiara / El interiorismo festeja su aniversario. p. 88 | |
| 505 | 0 | _aPablo Meninato / Duchamp y la arquitectura. p. 104 | |
| 505 | 0 | _tDISEÑO | |
| 505 | 0 | _aDebora Cerchiara y Fernando Díez / Diseño y sustentabilidad. p. 110 | |
| 505 | 0 | _tPRESENTACIÓN - BRINDIS DE COLOR | |
| 505 | 0 | _tFRAGMENTOS - BUENOS AIRES | |
| 505 | 0 | _aJuan Antonio Lázara / Las iglesias clonadas de Carlos C. Massa. p. 118 | |
| 505 | 0 | _tCUADERNO DE VIAJES | |
| 505 | 0 | _tCOPENHAGUE EN EL PAPEL | |
| 505 | 0 | _tTEXTURAS | |
| 505 | 0 | _aRoberto Fernández / Microeuropa: Sauerbruch & Hutton; Bolles & Wilson. p. 123 | |
| 505 | 0 | _tREVELACIONES | |
| 505 | 0 | _aMario Sabugo / El misterio de la ducha del bidet: 1. El inexistente argentino Williams. p. 126 | |
| 505 | 0 | _tPOST SCRIPTUM | |
| 505 | 0 | _aRubén Cherny / El forro roto. p. 128 | |
| 600 | 0 |
_91557 _aBardi, Lina Bo _d1914-1992. |
|
| 600 | 0 |
_a Roeding, Christopf _927414 |
|
| 600 | 0 |
_aSchop, Ulrich _927415 |
|
| 650 | _aArquitectura contemporánea | ||
| 773 | 0 |
_aSumma+ _dBuenos Aires, Argentina _gNº104 (nov-2009), p. 128 _x0327-9022 |
|
| 908 | _aImp | ||
| 942 |
_2udc _cART |
||
| 945 |
_aMBP _d2022-07-08 |
||
| 980 |
_8138 _gCarolina Rainero _6138 _aCarolina Rainero |
||
| 999 |
_c12131 _d12131 |
||